| 000 | 00561nam a2200181 a 4500 | ||
|---|---|---|---|
| 005 | 20220603063600.0 | ||
| 008 | 991125n1992 mx 000 0 spa u | ||
| 035 | _aUPN01000050525 | ||
| 049 | _aLTG | ||
| 050 | 4 |
_aLB1573 M6 _bR38 AD |
|
| 245 | 0 | 3 |
_aEl ratón egoísta : _bhabía una vez... / _cComisión Nacional de Derechos Humanos |
| 260 |
_aMéxico : _bCNDH$bSEP, _c1992 |
||
| 300 |
_a1 tríptico : _bil. |
||
| 650 | 4 |
_aCuentos infantiles _96744 |
|
| 710 | 2 |
_aComisión Nacional de Derechos Humanos (México) _927969 |
|
| 904 |
_aAC _b050527 |
||
| 905 | _aLibro | ||
| 999 |
_c50525 _d50525 |
||